Obálka Náhled e-knihy:
PDF Epub
Pro půjčování e-knih musíte být přihlášeni.
Jak si půjčit online?

Orlík : od sudu ke spravedlnosti /

V červenci roku 1995 objevil tým vyšetřovatelů v přehradě sudy s rozpuštěnými lidskými těly. Kniha věnovaná jednomu z nejotřesnějších případů české krimanalistiky.

Uloženo v:
Hlavní autor: Štoček, Jan (Autor, Fotograf)
Další autoři: Bechynková, Lucie (Autor)
Médium: E-kniha
Jazyk:Czech
Vydáno: V Brně : Nastole, 2025
Vydání:1. vydání
Témata:
Tagy:
Žádné tagy
LEADER 02737nam a2200541 i 4500
001 312869
003 CZ PrSKC
005 20260601215730.0
007 ta
008 251126s2025 xr ac e 000 0dcze
015 |a cnb003721952 
020 |a 9788074485152  |q (vázáno) :  |c Kč 469,00 
035 |a (OCoLC)1572322221 
040 |a BOA001  |b cze  |e rda 
043 |a e-xr--- 
045 |a x9x9 
072 7 |a 343.9  |x Kriminalistika  |2 Konspekt 
080 |a 343.3/.7  |2 MRF 
080 |a 343.611(437.3)  |2 MRF 
080 |a 343.132:351.74  |2 MRF 
080 |a (437.3)  |2 MRF 
080 |a (0:82-96)  |2 MRF 
100 1 |a Štoček, Jan  |7 osa20221168195  |4 aut  |4 pht 
245 1 0 |a Orlík :  |b od sudu ke spravedlnosti /  |c Jan Štoček, Lucie Bechynková 
250 |a 1. vydání 
264 1 |a V Brně :  |b Nastole,  |c 2025 
300 |a 262 stran :  |b ilustrace, portréty ;  |c 22 cm 
336 |a text  |b txt  |2 rdacontent 
337 |a bez média  |b n  |2 rdamedia 
338 |a svazek  |b nc  |2 rdacarrier 
520 2 |a V červenci roku 1995 objevil tým vyšetřovatelů v přehradě sudy s rozpuštěnými lidskými těly. Kniha věnovaná jednomu z nejotřesnějších případů české krimanalistiky.  |b Jaké stopy je přivedly až na dno vodní nádrže Orlík? Co všechno museli riskovat? Kriminalista Jan Štoček a Lucie Bechynková z podcastu Opravdové zločiny vás vezmou přímo doprostřed vyšetřování. Dozvíte se mrazivé detaily, zákulisní momenty a dosud nezveřejněné informace o případu, který navždy proměnil českou kriminalistiku. Nakladatelská anotace. Kráceno. 
648 7 |a 20. století  |7 ch460558  |2 czenas 
648 4 |a 1991-1993 
650 0 7 |a kriminální případy  |7 ph121958  |z Česko  |y 20. století  |2 czenas 
650 0 7 |a orlické vraždy  |7 ph276432  |z Česko  |y 20. století  |2 czenas 
650 0 7 |a policejní vyšetřování  |7 ph158343  |z Česko  |y 20. století  |2 czenas 
650 0 9 |a criminal cases  |z Czechia  |y 20th century  |2 eczenas 
650 0 9 |a Orlík murders  |z Czechia  |y 20th century  |2 eczenas 
650 0 9 |a police enquiry  |z Czechia  |y 20th century  |2 eczenas 
655 7 |a literatura faktu  |7 fd132773  |2 czenas 
655 9 |a non-fiction  |2 eczenas 
700 1 |a Bechynková, Lucie  |7 xx0263540  |4 aut 
900 |a ABA001  |b 19 
928 9 |a Albatros Media - Nastole 
044 |a xr 
910 |a RBIT002 
998 |d 423708  |a https://core.palmknihy.cz/api/books/423708/cover?t5fhwx  |b https://core.palmknihy.cz/api/books/423708/cover/400?t5fhwx  |c https://core.palmknihy.cz/api/books/423708/cover/50?t5fhwx  |e 2035-12-31  |g 264  |i 9788074485152  |j https://core.palmknihy.cz/api/books/423708/preview.epub  |k https://core.palmknihy.cz/api/books/423708/preview.pdf  |l   |q 49  |r 1  |s https://www.palmknihy.cz/kniha/423708  |t ebook  |y 2025  |z 0 
999 |d 312867